|
|
|
|
| LEADER |
00000nbm0a2200000 4500 |
| 001 |
177633 |
| 005 |
20231101223339.0 |
| 035 |
|
|
|a (RuTPU)RU\TPU\book\192601
|
| 090 |
|
|
|a 177633
|
| 100 |
|
|
|a 20100323d1969 k y0rusy50 ca
|
| 101 |
0 |
|
|a rus
|
| 102 |
|
|
|a RU
|
| 105 |
|
|
|a a p 000zy
|
| 200 |
1 |
|
|a Итоги геологоразведочных работ на нефть и газ в Томской области и направление их на 1971-1980 годы
|e Научно-производственная работа
|f Томское территориальное геологическое управление ; Всесоюзный нефтяной научно-исследовательский геологоразведочный институт (ВНИГРИ)
|
| 210 |
|
|
|a Томск
|d 1969
|
| 215 |
|
|
|a 109 л.
|
| 300 |
|
|
|a Материалы удостоенные областной премии
|
| 610 |
1 |
|
|a научно-производственные работы
|
| 610 |
1 |
|
|a геологоразведочные работы
|
| 610 |
1 |
|
|a нефть
|
| 610 |
1 |
|
|a газ
|
| 610 |
1 |
|
|a Томская область
|
| 610 |
1 |
|
|a поисковые работы
|
| 610 |
1 |
|
|a геологическая изученность
|
| 610 |
1 |
|
|a характеристика
|
| 610 |
1 |
|
|a нефтегазоносность
|
| 610 |
1 |
|
|a районирование
|
| 610 |
1 |
|
|a месторождения полезных ископаемых
|
| 610 |
1 |
|
|a запасы
|
| 675 |
|
|
|a 553.98.08
|v 3
|
| 712 |
0 |
2 |
|a Томское территориальное геологическое управление
|2 stltpush
|3 (RuTPU)RU\TPU\col\12562
|4 595
|9 25454
|
| 712 |
0 |
2 |
|a Всесоюзный нефтяной научно-исследовательский геологоразведочный институт (ВНИГРИ)
|c (Ленинград)
|c (1929-1991)
|2 stltpush
|3 (RuTPU)RU\TPU\col\7662
|4 595
|
| 801 |
|
1 |
|a RU
|b 63413507
|c 20100323
|
| 801 |
|
2 |
|a RU
|b 63413507
|c 20200113
|g RCR
|
| 942 |
|
|
|c BK
|